000
00308nam a2200121Ia 4500
008
191201s2012 xx 000 0 und d
100
_a
WEISS,MarkAllen
245
0
_a
Data Structures and Algorithms Analysis in C++
260
_a
N. delhi
_b
Pearson
_c
2012
300
_a
606
650
_a
MCA
942
_2
ddc
_c
BK
_0
7
999
_c
6485
_d
6485